| 000 | 00634nam a22002177a 4500 | ||
|---|---|---|---|
| 003 | BD-DhJNU | ||
| 005 | 20251009041557.0 | ||
| 008 | 251009b |||||||| |||| 00| 0 eng d | ||
| 020 | _a9780071078078 | ||
| 020 | _a007107807X | ||
| 040 |
_aBD-DhJNU _bENG _cBD-DhJNU _dBD-DhJNU |
||
| 082 |
_223 _a657.046 HAA |
||
| 100 | _aHanif, Mohammed | ||
| 245 |
_aAdvanced accounting / _cMohammed Hanif and Amitabha Mukherjee |
||
| 260 |
_aNew Delhi : _bTata McGraw-Hill Publishing, _c2011. |
||
| 300 |
_avarious paging. : _bill. ; _c24 cm. |
||
| 490 | _vvol. 1 | ||
| 650 | _aAccounting | ||
| 700 | _aMukherjee, Amitabha | ||
| 942 |
_2ddc _cBK _n0 |
||
| 999 |
_c2207 _d2207 |
||